Một số vấn đề về thực hiện ba đột phá chiến lược giai đoạn 2011 - 2020 /
محفوظ في:
| المؤلف الرئيسي: | |
|---|---|
| التنسيق: | مقال |
| اللغة: | Vietnamese |
| الموضوعات: | |
| الوسوم: |
إضافة وسم
لا توجد وسوم, كن أول من يضع وسما على هذه التسجيلة!
|
| Thư viện lưu trữ: | Thư viện Trường Đại học Đà Lạt |
|---|
| LEADER | 00802nam a2200277 4500 | ||
|---|---|---|---|
| 001 | DLU130156476 | ||
| 005 | ##20131107 | ||
| 040 | # | # | |a DLU |b vie |
| 041 | # | # | |a vie |
| 044 | # | # | |a vn |
| 100 | # | # | |a Nguyễn Kế Tuấn. |
| 245 | # | # | |a Một số vấn đề về thực hiện ba đột phá chiến lược giai đoạn 2011 - 2020 / |c Nguyễn Kế Tuấn. |
| 653 | # | # | |a Đổi mới tư duy |
| 653 | # | # | |a Cơ sở hạ tầng |
| 653 | # | # | |a Kết cấu hạ tầng |
| 653 | # | # | |a Kinh tế thị trường |
| 653 | # | # | |a Phát triển nguồn nhân lực |
| 773 | # | # | |t Kinh tế và phát triển |g Số 196, 2013, tr. 14-21 |
| 994 | # | # | |a DLU |
| 900 | # | # | |a True |
| 911 | # | # | |a Hoàng Thị Huyền |
| 925 | # | # | |a G |
| 926 | # | # | |a A |
| 927 | # | # | |a BB |
| 980 | # | # | |a Thư viện Trường Đại học Đà Lạt |